00462nam a2200121Ia 4500008004100000020001400041100002100055245006200076260004500138300001800183999001900201952012000220180205s9999 xx 000 0 und d a781738180 aBickley, Lynn S. aPocket guide to physical examination and history taking / aUSAbLippincott williams & wilkinsc2004 avi, 376 pages c354842d354842 00102lcc40aCLbCLcREFd2018-02-05eLibrary Fundl0oRC 76 .B38 2004pC6006r2018-05-15 00:00:00w2018-02-05yBK